000 00759nam a22002655i 4500
001 11437
003 ES-MaACL
005 20230906150112.0
007 t|
008 921117s1992 sp ||||0| spa j
020 _a84-7100-510-7
040 _aM-BN
_bspa
_cM-BN
080 _a908(861.72 B.)
100 1 _aPuyo, Fabio.
_994448
245 1 0 _aBogotá /
_cFabio Puyo.
260 _aMadrid :
_bMAPFRE,
_c[1992]
300 _a339 p :
_bil ;
_c23 cm.
490 1 _aColección Ciudades de Iberoamérica ;
_v9
500 _aIndices.
504 _aBibliografía: p. [321]-328.
651 4 _aBogotá-
_xDescripción.
_97885
830 0 _aColección Ciudades de Iberoamérica ;
_v9
_9179074
852 _aES-MaACL
_jL-18762
_bR.124043
999 _c11437
_d11437